Intellectual capital in the context of company development

Guardado en:
Detalles Bibliográficos
Autor principal: Gruszczynska-Malec, Grazyna
Otros Autores: Zielonka, Marzena
Formato: Capítulo de libro
Lenguaje:inglés
Materias:
Etiquetas: Agregar Etiqueta
Sin Etiquetas, Sea el primero en etiquetar este registro!

MARC

LEADER 00000naa$a2200000$$$4500
001 0021521
005 20221128114053.3
041 0 |a eng 
044 |a SK 
245 1 0 |a Intellectual capital in the context of company development  |c Grazyna Gruszczynska-Malec, Marzena Zielonka 
610 2 0 |a kapitál intelektuálny 
610 2 0 |a definície 
610 2 0 |a kapitál podnikový 
610 2 0 |a kapitál ľudský 
610 2 0 |a kapitál sociálny 
610 2 0 |a hodnota 
610 2 0 |a modely 
610 2 0 |a zdroje ľudské 
100 1 |a Gruszczynska-Malec, Grazyna 
700 1 |a Zielonka, Marzena